01240 2200505 4500001002100000005001500021035002000036008004100056245002500097100001500122250000600137260003100143300003100174020002200205084001400227520016300241082000800404650001000412990001200422990001200434990001200446990001200458990001200470990001200482990001200494990001200506990001200518990001200530990001200542990001200554990001200566990001200578990001200590990001200602990001200614990001200626990001200638990001200650990001200662990001200674990001200686990001200698990001200710990001200722INLIS00000000000008420240502104501 a0010-0424000060240502 1 ind 1 aBintang /cTere Liye aLiye, Tere a1 aJakarta :bGramedia,c2017 a392 hlm ;c13.5 cm x 20 cm a978-602-035-117-9 a813 TER b aTokoh bernama Raib ini memiliki dua sahabat yang sangat setia bernama Ali dan Seli. Mereka mempunyai kelebihan yang selalu menolong Raib dalam petualangannya. a813 4aFiksi a0732629 a0732630 a0732631 a0732632 a0732633 a0732634 a0732635 a0732636 a0732637 a0732638 a0732639 a0732640 a0732641 a0732642 a0732643 a0732644 a0732645 a0732646 a0732647 a0732648 a0732649 a0732650 a0732651 a0732652 a0732653 a0754544